[Event "Godesberger SK 1 - SV Wattenscheid 2"]
[Site "Oberliga NRW 2010/2011"]
[Date "2010.12.19"]
[Round "4.5"]
[White "Franke, Johannes"]
[Black "Schmidt, Bodo"]
[Result "0-1"]
[WhiteElo "2292"]
[BlackElo "2333"]
[PlyCount "118"]
[EventDate "2010.??.??"]

1. e4 e6 2. d3 d5 3. Nd2 Nf6 4. Ngf3 b6 5. g3 dxe4 6. dxe4 Bb7 7. Qe2 Nc6 8.
Bg2 Nb4 9. Qc4 Nxe4 10. Nxe4 Qd5 11. Ned2 Qxc4 12. Nxc4 Nxc2+ 13. Kd1 Nxa1 14.
Bd2 Rd8 15. Kc1 Bc5 16. Be3 Bd5 17. b3 Bxe3+ 18. Nxe3 Nxb3+ 19. axb3 Bxb3 20.
Ne5 a5 21. Bc6+ Ke7 22. Be4 Rd6 23. Nc6+ Kd7 24. Ne5+ Ke8 25. Kb2 a4 26. Kc3 f6
27. N5c4 Rd8 28. f4 g6 29. Bc6+ Kf7 30. Re1 h5 31. h3 Rb8 32. Na3 Ra8 33. Bxa8
Rxa8 34. Nec4 Rd8 35. Re4 Rd1 36. Rd4 Rxd4 37. Kxd4 Ke7 38. Kc3 Kd7 39. Kb4 Kc6
40. Ne3 Kb7 41. Nb5 c5+ 42. Kc3 Kc6 43. Na7+ Kb7 44. Nb5 Bd5 45. Nxd5 exd5 46.
f5 gxf5 47. Nd6+ Kc6 48. Nxf5 d4+ 49. Kb2 b5 50. h4 Kd5 51. Ng7 b4 52. Nxh5 a3+
53. Ka2 d3 54. Nxf6+ Kd4 55. Ng4 d2 56. Nf2 Ke3 57. Nd1+ Ke2 58. h5 Kxd1 59. h6
Kc2 0-1

[Event "Godesberger SK 1 - SV Wattenscheid 2"]
[Site "Oberliga NRW 2010/2011"]
[Date "2010.12.19"]
[Round "4.6"]
[White "Armbruster, Alexander"]
[Black "Hirsch, Stefan"]
[Result "1-0"]
[WhiteElo "2238"]
[BlackElo "2187"]
[PlyCount "55"]
[EventDate "2010.??.??"]

1. d4 Nf6 2. Nf3 g6 3. g3 Bg7 4. Bg2 O-O 5. O-O d6 6. a4 a5 7. Nc3 c6 8. e4 Na6
9. h3 Nb4 10. Be3 Qc7 11. Nd2 e5 12. Ne2 exd4 13. Bxd4 c5 14. Be3 d5 15. c3 Nd3
16. exd5 c4 17. d6 Qxd6 18. Nxc4 Qa6 19. b3 Rd8 20. Bb6 Rd7 21. Bd4 Nc5 22. Qc2
Ne6 23. Be3 Re7 24. Rfe1 Nd8 25. Nd4 Nc6 26. Nxc6 bxc6 27. Nd6 Be6 28. Bf1 1-0

[Event "Godesberger SK 1 - SV Wattenscheid 2"]
[Site "Oberliga NRW 2010/2011"]
[Date "2010.12.19"]
[Round "4.7"]
[White "Bouaraba, Max"]
[Black "Luetke, Jens"]
[Result "1-0"]
[WhiteElo "2156"]
[BlackElo "2281"]
[PlyCount "61"]
[EventDate "2010.??.??"]

1. d4 f5 2. Bg5 Nf6 3. Nc3 d5 4. Bxf6 exf6 5. e3 Be6 6. Bd3 Qd7 7. h4 h5 8. Nh3
Nc6 9. Nf4 Bf7 10. Qf3 Ne7 11. Qg3 g6 12. Nb5 c6 13. Nxh5 Rxh5 14. Nd6+ Kd8 15.
Nxf7+ Ke8 16. Nd6+ Kd8 17. c4 Rh7 18. c5 Rg7 19. h5 gxh5 20. Qf3 f4 21. Qxf4
Ng8 22. Rxh5 b6 23. b4 bxc5 24. bxc5 Rxg2 25. Kf1 Rg7 26. Rb1 Bxd6 27. cxd6 Qc8
28. Rh8 Qe6 29. Bf5 Qf7 30. d7 Ke7 31. Rb8 1-0

[Event "Godesberger SK 1 - SV Wattenscheid 2"]
[Site "Oberliga NRW 2010/2011"]
[Date "2010.12.19"]
[Round "4.8"]
[White "Andersen, Hans-Christoph"]
[Black "Lehmann, Holger"]
[Result "1-0"]
[WhiteElo "2210"]
[BlackElo "2139"]
[PlyCount "63"]
[EventDate "2010.??.??"]

1. d4 d5 2. c4 c6 3. Nf3 e6 4. e3 Nf6 5. Qc2 Nbd7 6. Nc3 Bd6 7. Bd3 O-O 8. O-O
e5 9. cxd5 cxd5 10. e4 exd4 11. Nxd5 Nxd5 12. exd5 h6 13. h3 Nb6 14. Nxd4 Nxd5
15. Be4 Nf6 16. Bf3 Qa5 17. Rd1 Rd8 18. g3 Bxh3 19. Bxb7 Rac8 20. Qe2 Re8 21.
Be3 Rb8 22. Bf3 Qe5 23. Nc6 Qe6 24. Nxb8 Bxb8 25. Re1 Qe5 26. Bf4 Qa5 27. Qxe8+
Nxe8 28. Rxe8+ Kh7 29. Rxb8 g5 30. Be3 f5 31. Rb7+ Kg6 32. Rc1 1-0

[Event "PSV Duisburg 1 - DJK Aufwärts Aachen 1"]
[Site "Oberliga NRW 2010/2011"]
[Date "2010.12.19"]
[Round "4.1"]
[White "Roeder, Matthias"]
[Black "Wengenroth, Walter"]
[Result "1-0"]
[WhiteElo "2396"]
[BlackElo "2273"]
[Annotator ",Daniel"]
[PlyCount "70"]
[EventDate "2010.??.??"]

1. Nf3 d5 2. c4 e6 3. g3 dxc4 4. Qa4+ c6 5. Qxc4 b5 6. Qc2 Bb7 7. Bg2 c5 8. a4
a6 9. axb5 axb5 10. Rxa8 Bxa8 11. Na3 Qb6 12. Qb3 b4 13. Nc4 Qa6 14. Qc2 Qa2
15. O-O Nf6 16. d3 Be7 17. Bg5 O-O 18. Rc1 Bd5 19. Nfd2 Nc6 20. Qd1 Qa7 21. Ra1
Qb7 22. Ne3 Bxg2 23. Nxg2 Ra8 24. Bxf6 Bxf6 25. Nc4 Nd4 26. Rxa8+ Qxa8 27. Nge3
h5 28. Nf1 h4 29. Nfd2 h3 30. f3 Nf5 31. e3 Qa2 32. Kf2 g5 33. Qb1 b3 34. Qd1
Bxb2 35. Qxb3 Qa1 {Zü} 1-0

[Event "PSV Duisburg 1 - DJK Aufwärts Aachen 1"]
[Site "Oberliga NRW 2010/2011"]
[Date "2010.12.19"]
[Round "4.2"]
[White "Fleck, Juergen"]
[Black "Braun, Christian"]
[Result "0-1"]
[WhiteElo "2358"]
[BlackElo "2370"]
[PlyCount "80"]
[EventDate "2010.??.??"]

1. e4 e6 2. d4 d5 3. Nc3 Nf6 4. Bg5 Be7 5. e5 Nfd7 6. Bxe7 Qxe7 7. f4 O-O 8.
Nf3 c5 9. dxc5 Qxc5 10. Qd2 Nc6 11. Bd3 Nb6 12. b3 Bd7 13. Ne2 Rac8 14. a3 a5
15. c3 a4 16. b4 Qe7 17. O-O f6 18. Qe3 Na8 19. Ned4 Nxd4 20. Nxd4 Nb6 21. exf6
Qxf6 22. Nf3 Nc4 23. Bxc4 Rxc4 24. Nd4 Rfc8 25. Rac1 h6 26. Rf3 Qg6 27. Rg3 Qe4
28. Qxe4 dxe4 29. Ne2 Kf7 30. Re3 Bc6 31. Kf2 Rd8 32. Rc2 Rd1 33. Nc1 h5 34. g3
h4 35. Re1 e3+ 36. Rxe3 Rh1 37. Ree2 Rxh2+ 38. Ke3 Re4+ 39. Kd3 Rexe2 40. Nxe2
h3 0-1

[Event "PSV Duisburg 1 - DJK Aufwärts Aachen 1"]
[Site "Oberliga NRW 2010/2011"]
[Date "2010.12.19"]
[Round "4.3"]
[White "Buscher, Michael"]
[Black "Kistella, Roman"]
[Result "0-1"]
[WhiteElo "2362"]
[BlackElo "2286"]
[PlyCount "90"]
[EventDate "2010.??.??"]

1. Nf3 Nf6 2. b3 b6 3. d3 d5 4. Bb2 e6 5. Nbd2 Bb7 6. g3 c5 7. Bg2 Nc6 8. O-O
Be7 9. a3 O-O 10. c4 Qc7 11. cxd5 Nxd5 12. Rc1 Rad8 13. Qc2 Qb8 14. Qb1 Rfe8
15. Qa1 Bf8 16. Nc4 Nc7 17. Rfd1 Nb5 18. Nce5 Nxe5 19. Bxe5 Qa8 20. Ne1 Bxg2
21. Nxg2 Nd4 22. Bxd4 Rxd4 23. Rc4 Rd7 24. Ne3 Qb8 25. a4 Red8 26. Rdc1 h5 27.
Re4 Rd4 28. Rc4 R4d7 29. Qf1 g6 30. Qb1 a6 31. Rc2 b5 32. Qb2 Rd4 33. Rxd4 Rxd4
34. axb5 axb5 35. Qa2 h4 36. Rc1 Bh6 37. Qd2 Qd6 38. f4 hxg3 39. hxg3 Bf8 40.
Qe1 Rb4 41. Rc3 Bg7 42. Nc2 Rd4 43. Ne3 g5 44. fxg5 Rb4 45. Rc1 Bd4 0-1

[Event "PSV Duisburg 1 - DJK Aufwärts Aachen 1"]
[Site "Oberliga NRW 2010/2011"]
[Date "2010.12.19"]
[Round "4.4"]
[White "Schmitz, Joachim"]
[Black "Skulener, Wladimir"]
[Result "1/2-1/2"]
[WhiteElo "2278"]
[BlackElo "2285"]
[PlyCount "46"]
[EventDate "2010.??.??"]

1. e4 Nf6 2. e5 Nd5 3. d4 d6 4. Nf3 Bg4 5. Be2 e6 6. c4 Nb6 7. Nc3 Be7 8. O-O
O-O 9. Be3 d5 10. c5 Nc8 11. b4 Nc6 12. a3 f6 13. exf6 Bxf6 14. h3 Bxf3 15.
Bxf3 N8e7 16. Ne2 Nf5 17. Qd2 a6 18. Rad1 Qd7 19. Bg4 g6 20. Rfe1 Rae8 21. g3
h5 22. Bxf5 exf5 23. h4 Kh7 1/2-1/2

[Event "PSV Duisburg 1 - DJK Aufwärts Aachen 1"]
[Site "Oberliga NRW 2010/2011"]
[Date "2010.12.19"]
[Round "4.5"]
[White "van Dooren, Dirk"]
[Black "Schiffer, Kai-Uwe"]
[Result "1-0"]
[WhiteElo "2248"]
[BlackElo "2252"]
[PlyCount "99"]
[EventDate "2010.??.??"]

1. e4 c5 2. Nf3 e6 3. b3 a6 4. Bb2 Nc6 5. Nc3 Qc7 6. g3 Nf6 7. Bg2 d5 8. exd5
exd5 9. d4 cxd4 10. Nxd4 Bg4 11. Nxd5 Qa5+ 12. Qd2 Qxd2+ 13. Kxd2 Nxd5 14. Bxd5
Nxd4 15. Bxd4 O-O-O 16. c4 Bf3 17. Bxf3 Rxd4+ 18. Kc3 Bc5 19. Bd5 a5 20. a3 b5
21. Rhe1 bxc4 22. bxc4 Kc7 23. Rab1 Rb8 24. Rxb8 Kxb8 25. Rb1+ Kc7 26. h3 Kd6
27. Bf3 g5 28. Re1 f5 29. Bd5 g4 30. Re6+ Kd7 31. Rc6 Rxd5 32. cxd5 Bxf2 33. h4
Bxg3 34. Rh6 Be5+ 35. Kd3 g3 36. Ke3 a4 37. Rxh7+ Kd6 38. Ra7 g2 39. Ra6+ Kxd5
40. Ra5+ Ke6 41. Kf2 Bg3+ 42. Kxg2 Bxh4 43. Rxa4 Be7 44. Kf3 Bd6 45. Ra5 Bc7
46. Rb5 f4 47. Ke4 Kd6 48. a4 Kc6 49. Rb3 Bd6 50. a5 1-0

[Event "PSV Duisburg 1 - DJK Aufwärts Aachen 1"]
[Site "Oberliga NRW 2010/2011"]
[Date "2010.12.19"]
[Round "4.6"]
[White "Heisel, Guido"]
[Black "Wantiez, Fabrice"]
[Result "0-1"]
[WhiteElo "2167"]
[BlackElo "2348"]
[Annotator ",Daniel"]
[PlyCount "78"]
[EventDate "2010.??.??"]

1. d4 Nf6 2. Bg5 e6 3. e4 h6 4. Bxf6 Qxf6 5. c3 d6 6. Nd2 g6 7. Bd3 Bg7 8. Ne2
O-O 9. f4 e5 10. O-O exd4 11. Nxd4 Nc6 12. N2b3 Nxd4 13. Nxd4 a6 14. Qf3 Bd7
15. Rae1 Rfe8 16. Qg3 Re7 17. h4 Rae8 18. a3 b5 19. Re2 $11 c5 20. Nf3 Bc6 21.
Rfe1 Bb7 22. Kh1 Qe6 23. h5 gxh5 24. e5 Qg4 25. Qxg4 hxg4 26. Nh2 dxe5 27. Nxg4
e4 28. f5 h5 29. Nf2 e3 30. Nh3 Bh6 31. Kh2 Re5 32. Kg3 Bc8 33. Rf1 Rd8 34. Bc2
Rd2 35. Bd1 Bxf5 36. Rxd2 exd2 37. Bxh5 Bxh3 38. Bxf7+ Kg7 39. Bb3 Be6 0-1

[Event "PSV Duisburg 1 - DJK Aufwärts Aachen 1"]
[Site "Oberliga NRW 2010/2011"]
[Date "2010.12.19"]
[Round "4.7"]
[White "Foerster, Sven"]
[Black "Werner, Knud"]
[Result "1-0"]
[WhiteElo "2104"]
[BlackElo "2114"]
[PlyCount "67"]
[EventDate "2010.??.??"]

1. Nf3 d6 2. d4 Bg4 3. g3 Nd7 4. Bg2 c6 5. h3 Bh5 6. g4 Bg6 7. Nh4 e6 8. Nxg6
hxg6 9. c4 d5 10. b3 Bd6 11. Nd2 f5 12. Nf3 Ngf6 13. Qd3 Ne4 14. c5 Bc7 15. a3
Qf6 16. g5 Qe7 17. h4 e5 18. b4 Nexc5 19. bxc5 e4 20. Qc2 exf3 21. Bxf3 Nf8 22.
Rb1 Ne6 23. Qa4 Kf7 24. Kd1 Rhb8 25. h5 Bf4 26. hxg6+ Kxg6 27. Bh5+ Kxg5 28. e3
Bc7 29. e4+ Bf4 30. Qb3 Kf6 31. e5+ Bxe5 32. dxe5+ Kxe5 33. Qg3+ Kf6 34. Re1
1-0

[Event "PSV Duisburg 1 - DJK Aufwärts Aachen 1"]
[Site "Oberliga NRW 2010/2011"]
[Date "2010.12.19"]
[Round "4.8"]
[White "Montignies, Rainer"]
[Black "Tochtenhagen, Wolfgang"]
[Result "1-0"]
[WhiteElo "2224"]
[BlackElo "2127"]
[PlyCount "73"]
[EventDate "2010.??.??"]

1. Nf3 g6 2. g3 Bg7 3. d4 Nf6 4. Bg2 O-O 5. b3 d6 6. Bb2 Nbd7 7. O-O e5 8. dxe5
Ng4 9. Qd2 Ngxe5 10. c4 Nxf3+ 11. Bxf3 Bxb2 12. Qxb2 Qf6 13. Nc3 Ne5 14. Bg2
Nc6 15. Rac1 Be6 16. Qd2 Rac8 17. Rfd1 Rfe8 18. Nd5 Bxd5 19. cxd5 Nb8 20. Bh3
Rcd8 21. Rxc7 Re7 22. Rdc1 Rde8 23. e3 Na6 24. Rxe7 Rxe7 25. Qa5 Nc5 26. Qxa7
Ne4 27. Rc8+ Kg7 28. Qd4 Qxd4 29. exd4 Nd2 30. Rd8 Re1+ 31. Kg2 Ne4 32. Bg4 Ra1
33. Bf3 f5 34. Bxe4 fxe4 35. Rd7+ Kg8 36. a4 Ra2 37. Kf1 1-0

[Event "Aachener SV 1 - SF Katernberg 2"]
[Site "Oberliga NRW 2010/2011"]
[Date "2010.12.19"]
[Round "4.1"]
[White "Kotainy, Jens"]
[Black "Koch, Thomas"]
[Result "0-1"]
[WhiteElo "2354"]
[BlackElo "2400"]
[Annotator ",Daniel"]
[PlyCount "102"]
[EventDate "2010.??.??"]

1. e4 c5 2. Nc3 Nc6 3. f4 e6 4. Nf3 d5 5. Bb5 Nf6 6. d3 Be7 7. O-O O-O 8. Bxc6
bxc6 9. b3 Ba6 10. Qe2 c4 11. bxc4 dxc4 12. d4 Bb4 13. Bd2 c5 14. a3 Bxc3 15.
Bxc3 Bb7 16. dxc5 Nxe4 17. Bd4 Qc8 18. Rab1 Bd5 19. Ng5 Qc6 20. Nxe4 Bxe4 21.
Rfe1 Bd5 22. Qg4 $11 f6 23. Qg3 Rad8 24. c3 Be4 25. Rb4 Bd3 26. h3 Rd7 27. Kh2
h6 28. Rb2 Kh7 29. Qg4 Re8 30. Rf2 Rde7 31. Qf3 Qa6 32. Qh5 Qxa3 33. Rf3 Bg6
34. Qg4 Qa5 35. Rfe3 Be4 36. Rxe4 f5 37. Qe2 fxe4 38. Qxe4+ Kg8 39. Qe5 Qc7 40.
Qe3 Qc6 41. Qe2 Rf7 42. Kg3 Qd5 43. Qg4 a5 44. Re5 Qc6 45. Qe2 Rf5 46. Rxf5
exf5 47. Qxc4+ Kh7 48. Be5 Rd8 49. Qf7 Qg6+ 50. Qxg6+ Kxg6 51. Kf3 a4 0-1

[Event "Aachener SV 1 - SF Katernberg 2"]
[Site "Oberliga NRW 2010/2011"]
[Date "2010.12.19"]
[Round "4.2"]
[White "Piceu, Tom"]
[Black "Rosen, Bernd"]
[Result "0-1"]
[WhiteElo "2328"]
[BlackElo "2304"]
[PlyCount "68"]
[EventDate "2010.??.??"]

1. c4 c5 2. Nc3 Nc6 3. g3 g6 4. Bg2 Bg7 5. e4 e6 6. Nge2 Nge7 7. O-O O-O 8. d3
d6 9. f4 f5 10. Be3 Nd4 11. Qd2 Rb8 12. Rae1 a6 13. Bf2 Qa5 14. Nxd4 cxd4 15.
Nb1 Qc7 16. Na3 Bd7 17. Rc1 fxe4 18. Bxe4 Bc6 19. b4 Bxe4 20. dxe4 e5 21. c5 d5
22. exd5 Nxd5 23. fxe5 Qxe5 24. Nc4 Qf6 25. Nd6 Nc3 26. Rce1 Qf3 27. Re7 Bf6
28. Rfe1 Bxe7 29. Rxe7 d3 30. Rg7+ Kh8 31. Rf7 Rxf7 32. Qxc3+ Rf6 33. Qd4 Rbf8
34. Ne4 d2 0-1

[Event "Aachener SV 1 - SF Katernberg 2"]
[Site "Oberliga NRW 2010/2011"]
[Date "2010.12.19"]
[Round "4.3"]
[White "Hoolt, Sarah"]
[Black "Sonntag, Hans-Hubert"]
[Result "0-1"]
[WhiteElo "2217"]
[BlackElo "2362"]
[Annotator ",Daniel"]
[PlyCount "70"]
[EventDate "2010.??.??"]

1. e4 e5 2. Nf3 Nc6 3. Bc4 Bc5 4. d3 Nf6 5. Bb3 d6 6. c3 Bb6 7. Nbd2 Ne7 8. h3
Ng6 9. Nf1 O-O 10. Ng3 h6 11. O-O d5 12. exd5 Nxd5 13. d4 exd4 14. Nxd4 Ndf4
15. Qf3 Bxd4 16. Bxf4 Nxf4 $11 17. Qxf4 Bb6 18. Rad1 Qe7 19. Rfe1 Be6 20. Bc2
Qg5 21. Qe4 g6 22. Qf3 Rad8 23. Rxd8 Rxd8 24. Ne4 Qh4 25. b3 Bf5 26. Re2 Kg7
27. b4 Re8 28. Ng3 Bd7 29. Be4 c6 30. Rd2 Be6 31. Ne2 Bxh3 32. Bc2 Bg4 33. Qg3
Qg5 34. Nf4 Bc7 35. Rd4 Bxf4 0-1

[Event "Aachener SV 1 - SF Katernberg 2"]
[Site "Oberliga NRW 2010/2011"]
[Date "2010.12.19"]
[Round "4.4"]
[White "Coenen, Norbert"]
[Black "Villwock, Martin"]
[Result "1-0"]
[WhiteElo "2343"]
[BlackElo "2131"]
[PlyCount "95"]
[EventDate "2010.??.??"]

1. e4 e5 2. Nf3 Nc6 3. Bb5 f5 4. Nc3 fxe4 5. Nxe4 d5 6. Nxe5 dxe4 7. Nxc6 Qg5
8. Qe2 Nf6 9. f4 Qxf4 10. Ne5+ c6 11. d4 Qh4+ 12. g3 Qh3 13. Bc4 Be6 14. Bg5
O-O-O 15. O-O-O Bd6 16. Bxf6 gxf6 17. Bxe6+ Qxe6 18. Qc4 Rhe8 19. Qxe6+ Rxe6
20. Nf7 Rf8 21. Nxd6+ Rxd6 22. Rhf1 f5 23. Rf4 h5 24. c3 Kd7 25. Rdf1 Rdf6 26.
Rh4 c5 27. dxc5 Kc6 28. b4 a5 29. Kc2 axb4 30. cxb4 b6 31. cxb6 Kxb6 32. Rxh5
Rc6+ 33. Kd2 Ra8 34. Rfxf5 Rxa2+ 35. Ke3 Ra3+ 36. Kf4 e3 37. Rb5+ Kc7 38. Rbc5
e2 39. Rxc6+ Kxc6 40. Re5 Ra2 41. h4 Rb2 42. Kf3 Rxb4 43. Rxe2 Kd6 44. Re4 Rb1
45. Kf4 Rb8 46. h5 Rh8 47. g4 Rf8+ 48. Kg3 1-0

[Event "Aachener SV 1 - SF Katernberg 2"]
[Site "Oberliga NRW 2010/2011"]
[Date "2010.12.19"]
[Round "4.5"]
[White "Gassmann, Volker"]
[Black "Meessen, Rudolf"]
[Result "0-1"]
[WhiteElo "2202"]
[BlackElo "2271"]
[PlyCount "102"]
[EventDate "2010.??.??"]

1. d4 e6 2. c4 f5 3. Nc3 Nf6 4. g3 Be7 5. Bg2 O-O 6. Nf3 d6 7. O-O Ne4 8. Qc2
Nxc3 9. Qxc3 Bf6 10. h4 h6 11. Re1 Nc6 12. Qd2 Qe8 13. b4 e5 14. b5 Nd8 15.
dxe5 dxe5 16. Ba3 Rf7 17. Bb2 e4 18. Nd4 f4 19. gxf4 Bxh4 20. Qe3 c5 21. bxc6
bxc6 22. Ba3 g5 23. Bxe4 Rxf4 24. Bd5+ Ne6 25. Bxe6+ Bxe6 26. Qxe6+ Qxe6 27.
Nxe6 Rf6 28. Nc5 Bxf2+ 29. Kg2 Bxe1 30. Rxe1 Rd8 31. Bb2 Rf5 32. Nd3 h5 33. Be5
Re8 34. Bg3 Re4 35. c5 Kh7 36. Bf2 Kg6 37. a3 Rg4+ 38. Kh3 Ra4 39. Ra1 h4 40.
Be1 Re4 41. Ra2 Kh5 42. Kg2 g4 43. Rb2 g3 44. Kh3 a5 45. Bxa5 Rf7 46. Kg2 Rf8
47. Bc7 Rfe8 48. Nf4+ Kg4 49. Rb3 Rxf4 50. Bxf4 Rxe2+ 51. Kg1 Re1+ 0-1

[Event "Aachener SV 1 - SF Katernberg 2"]
[Site "Oberliga NRW 2010/2011"]
[Date "2010.12.19"]
[Round "4.6"]
[White "Klein, Felix"]
[Black "Wessendorf, Thomas"]
[Result "0-1"]
[WhiteElo "2261"]
[BlackElo "2223"]
[PlyCount "62"]
[EventDate "2010.??.??"]

1. e4 c5 2. Nf3 d6 3. d4 cxd4 4. Nxd4 Nf6 5. Nc3 g6 6. Be3 Bg7 7. f3 Nc6 8. Bc4
O-O 9. Qd2 Bd7 10. h4 Rc8 11. Bb3 h5 12. O-O-O Ne5 13. Bg5 Rc5 14. Kb1 b5 15.
g4 hxg4 16. h5 Nxh5 17. Rxh5 gxh5 18. Nd5 Rxd5 19. Bxd5 gxf3 20. Nf5 Bxf5 21.
exf5 Qd7 22. Qf4 Rc8 23. Rh1 Rc5 24. Be4 d5 25. Bxf3 Rc4 26. Qg3 Qxf5 27. Bd1
Qe4 28. Rxh5 Qd4 29. Rh1 Qxb2+ 30. Kxb2 Nd3+ 31. Ka3 Rc3# 0-1

[Event "Aachener SV 1 - SF Katernberg 2"]
[Site "Oberliga NRW 2010/2011"]
[Date "2010.12.19"]
[Round "4.7"]
[White "Bachmann, Karlheinz"]
[Black "Begnis, Nikolaos"]
[Result "1/2-1/2"]
[WhiteElo "2194"]
[BlackElo "2252"]
[PlyCount "35"]
[EventDate "2010.??.??"]

1. Nf3 Nf6 2. g3 g6 3. Bg2 Bg7 4. O-O O-O 5. c4 d6 6. d4 Nc6 7. b3 e5 8. Bb2 e4
9. Ne1 Re8 10. Nc2 d5 11. Nc3 Ne7 12. cxd5 Nexd5 13. Nxd5 Nxd5 14. e3 h5 15.
Qd2 Bf5 16. Nb4 c6 17. Nxd5 cxd5 18. Rac1 1/2-1/2

[Event "Aachener SV 1 - SF Katernberg 2"]
[Site "Oberliga NRW 2010/2011"]
[Date "2010.12.19"]
[Round "4.8"]
[White "Frombach, Ralf"]
[Black "Rosen, Willy"]
[Result "1-0"]
[WhiteElo "2180"]
[BlackElo "2160"]
[PlyCount "63"]
[EventDate "2010.??.??"]

1. d4 Nf6 2. c4 e6 3. Nc3 Bb4 4. Nf3 b6 5. Qb3 c5 6. a3 Bxc3+ 7. Qxc3 Qc7 8.
dxc5 bxc5 9. Bg5 Ke7 10. e4 d6 11. e5 dxe5 12. Nxe5 Rd8 13. Be2 Bb7 14. Ng4 Rd4
15. b4 Nc6 16. Nxf6 gxf6 17. Be3 Rg8 18. Bf3 e5 19. g3 Nd8 20. Bxd4 cxd4 21.
Qb3 e4 22. Bg2 Ne6 23. O-O-O d3 24. Rhe1 f5 25. Kb1 Nd4 26. Qxd3 Ne6 27. Qc3
Rc8 28. c5 a5 29. f3 Qb8 30. fxe4 axb4 31. Qxb4 Rxc5 32. exf5 1-0

[Event "SK Münster 1 - SG Porz 2"]
[Site "Oberliga NRW 2010/2011"]
[Date "2010.12.19"]
[Round "4.1"]
[White "Miedema, David"]
[Black "Cuijpers, Frans"]
[Result "1/2-1/2"]
[WhiteElo "2409"]
[BlackElo "2422"]
[PlyCount "80"]
[EventDate "2010.??.??"]

1. d4 d5 2. c4 c6 3. cxd5 cxd5 4. Nf3 Nf6 5. Nc3 Nc6 6. Bf4 Bf5 7. e3 e6 8. Qb3
Bb4 9. Ne5 Qa5 10. f3 Nxe5 11. Bxe5 O-O 12. Bxf6 gxf6 13. Be2 Rac8 14. Rc1 Rc6
15. e4 dxe4 16. fxe4 Bxe4 17. O-O Bxc3 18. Rxc3 Rxc3 19. bxc3 Rc8 20. c4 Qd2
21. Qg3+ Bg6 22. Qf2 Qxa2 23. h4 h5 24. Qe3 Rd8 25. d5 exd5 26. Rxf6 Qb1+ 27.
Kh2 Qe4 28. Qg5 Re8 29. Bxh5 Qe5+ 30. Qxe5 Rxe5 31. Bxg6 fxg6 32. Rxg6+ Kf7 33.
Rh6 dxc4 34. Rh7+ Kg6 35. Rxb7 Rc5 36. Rxa7 c3 37. Ra1 c2 38. Rc1 Kf5 39. Kg3
Rc3+ 40. Kf2 Kg4 1/2-1/2

[Event "SK Münster 1 - SG Porz 2"]
[Site "Oberliga NRW 2010/2011"]
[Date "2010.12.19"]
[Round "4.2"]
[White "Libeau, Rene Andre"]
[Black "van Wessel, Rudy"]
[Result "1/2-1/2"]
[WhiteElo "2340"]
[BlackElo "2382"]
[PlyCount "29"]
[EventDate "2010.??.??"]

1. Nf3 d5 2. g3 c6 3. Bg2 Bg4 4. O-O Nd7 5. b3 e5 6. Bb2 Bd6 7. d4 Qe7 8. dxe5
Nxe5 9. Qd4 f6 10. Nbd2 Nh6 11. c4 dxc4 12. Nxc4 Nxc4 13. Qxc4 Be6 14. Qc2 O-O
15. Rad1 1/2-1/2

[Event "SK Münster 1 - SG Porz 2"]
[Site "Oberliga NRW 2010/2011"]
[Date "2010.12.19"]
[Round "4.3"]
[White "Korotkevych, Stanislav"]
[Black "Molinaroli, Martin"]
[Result "1-0"]
[WhiteElo "2340"]
[BlackElo "2214"]
[Annotator ",Daniel"]
[PlyCount "105"]
[EventDate "2010.??.??"]

1. d4 g6 2. Nf3 Bg7 3. c4 d6 4. Nc3 Bg4 5. e3 e5 6. Be2 exd4 7. exd4 Nf6 8. O-O
O-O 9. h3 Bf5 10. Bg5 h6 11. Be3 Re8 12. Qb3 Qc8 13. Rfe1 Nc6 14. Rad1 g5 15.
d5 Ne5 16. Nxe5 Rxe5 17. Bd4 Re8 18. c5 dxc5 19. Bxc5 Nd7 20. Ba3 a6 21. d6 Be6
22. Qc2 cxd6 23. Bxd6 Ne5 $11 24. Rc1 Nc4 25. Bg3 Bf5 26. Qb3 Nd2 27. Qb4 a5
28. Qa4 Qe6 29. Nb5 Qe4 30. Qd1 Qb4 31. Nd6 Red8 32. Nxf5 Nf3+ 33. Bxf3 Rxd1
34. Rcxd1 Qxb2 35. Nxg7 Qxg7 36. Bxb7 Rf8 37. Be5 Qg6 38. Rd6 Qc2 39. Rxh6 f6
40. Bxf6 Qd2 41. Re5 Qc1+ 42. Kh2 Qf4+ 43. g3 Qxf2+ 44. Bg2 Rxf6 45. Rxg5+ Kf7
46. Rxf6+ Kxf6 47. Rxa5 Qb6 48. Ra8 Ke5 49. a4 Kd4 50. a5 Qd6 51. a6 Ke3 52. a7
Kf2 53. Rf8+ 1-0

[Event "SK Münster 1 - SG Porz 2"]
[Site "Oberliga NRW 2010/2011"]
[Date "2010.12.19"]
[Round "4.4"]
[White "Rott, Georg"]
[Black "Malykin, Vitaly"]
[Result "0-1"]
[WhiteElo "2137"]
[BlackElo "2307"]
[PlyCount "70"]
[EventDate "2010.??.??"]

1. e4 g6 2. d4 Bg7 3. Nf3 d6 4. h3 Nd7 5. Nc3 a6 6. a4 b6 7. Be3 e6 8. Be2 Bb7
9. O-O Ngf6 10. Nd2 O-O 11. f4 c5 12. Bf3 cxd4 13. Bxd4 Qc7 14. Nb3 e5 15. Be3
exf4 16. Bxf4 Ne5 17. Nd2 b5 18. Kh1 b4 19. Na2 Nxf3 20. Qxf3 Rae8 21. Rae1 Re6
22. Nxb4 Rfe8 23. c3 Nxe4 24. Nxe4 Bxe4 25. Qf2 Qb7 26. Bg3 f5 27. a5 d5 28.
Qd2 Qb5 29. Ra1 d4 30. cxd4 Rd8 31. d5 Bf8 32. Na2 Rxd5 33. Qc1 Qe2 34. Rf2 Qd3
35. Nc3 Qxg3 0-1

[Event "SK Münster 1 - SG Porz 2"]
[Site "Oberliga NRW 2010/2011"]
[Date "2010.12.19"]
[Round "4.5"]
[White "Savchenko, Aleksij"]
[Black "Kamp, Christoph"]
[Result "0-1"]
[WhiteElo "2218"]
[BlackElo "2151"]
[PlyCount "32"]
[EventDate "2010.??.??"]

1. d4 e6 2. c4 d5 3. Nc3 c6 4. e3 f5 5. Bd3 Nf6 6. Qc2 a6 7. Nf3 Bd6 8. Bd2 O-O
9. cxd5 cxd5 10. Na4 Ne4 11. Nc5 Nc6 12. b4 Nxd2 13. Qxd2 b6 14. b5 axb5 15.
Bxb5 Na7 16. Nxe6 Bxe6 0-1

[Event "SK Münster 1 - SG Porz 2"]
[Site "Oberliga NRW 2010/2011"]
[Date "2010.12.19"]
[Round "4.6"]
[White "Bolwerk, Peter"]
[Black "Kreutzkamp, Reinhold"]
[Result "1/2-1/2"]
[WhiteElo "2180"]
[BlackElo "2241"]
[PlyCount "48"]
[EventDate "2010.??.??"]

1. e4 c6 2. d4 d5 3. Nd2 dxe4 4. Nxe4 Bf5 5. Ng3 Bg6 6. Nf3 Nd7 7. h4 h6 8. h5
Bh7 9. Bd3 Bxd3 10. Qxd3 Ngf6 11. Bd2 e6 12. O-O-O Be7 13. Ne4 Nxe4 14. Qxe4
Nf6 15. Qe2 Qd5 16. c4 Qe4 17. Qxe4 Nxe4 18. Be3 O-O 19. Ne5 Rfd8 20. g4 c5 21.
dxc5 Bxc5 22. Bxc5 Nxc5 23. Kc2 a5 24. b3 Rac8 1/2-1/2

[Event "SK Münster 1 - SG Porz 2"]
[Site "Oberliga NRW 2010/2011"]
[Date "2010.12.19"]
[Round "4.7"]
[White "Gallinnis, Norbert"]
[Black "Eiersbrock, Robin"]
[Result "1-0"]
[WhiteElo "2223"]
[BlackElo "1903"]
[PlyCount "69"]
[EventDate "2010.??.??"]

1. e4 d6 2. d4 Nf6 3. Nc3 g6 4. f3 Bg7 5. g4 c6 6. Be3 b5 7. Qd2 O-O 8. Nge2
Be6 9. g5 Nfd7 10. h4 b4 11. Nd1 a5 12. Nf4 Nb6 13. Nxe6 fxe6 14. Bh3 Qc8 15.
Qe2 d5 16. Bg1 Kh8 17. h5 gxh5 18. Qh2 Kg8 19. Bg4 hxg4 20. Qxh7+ Kf7 21. Qh5+
Kg8 22. Qh7+ Kf7 23. g6+ Ke8 24. Qxg7 Kd7 25. fxg4 Na6 26. Nf2 Qe8 27. Nd3 Nc4
28. exd5 cxd5 29. b3 Rg8 30. Qh7 Na3 31. Ne5+ Kc8 32. Rc1 Nb5 33. Qf7 Nb8 34.
Qxe6+ Nd7 35. Nxd7 1-0

[Event "SK Münster 1 - SG Porz 2"]
[Site "Oberliga NRW 2010/2011"]
[Date "2010.12.19"]
[Round "4.8"]
[White "Virnyi, Julius"]
[Black "Peschlow, Patrick"]
[Result "0-1"]
[WhiteElo "1936"]
[BlackElo "2280"]
[PlyCount "66"]
[EventDate "2010.??.??"]

1. e4 c5 2. Nf3 Nc6 3. Bb5 Nf6 4. Nc3 g6 5. Bxc6 dxc6 6. h3 Bg7 7. d3 Nd7 8.
Be3 e5 9. Qd2 h6 10. O-O-O Qe7 11. Ne2 Nf8 12. c3 Ne6 13. g4 Bd7 14. Kb1 O-O-O
15. Qc2 h5 16. Qa4 hxg4 17. hxg4 Rxh1 18. Rxh1 Kb8 19. Nd2 Bc8 20. Nc1 Bf6 21.
Qd1 Bg5 22. Qe2 Bxe3 23. Qxe3 Nf4 24. f3 Be6 25. Nf1 Qd6 26. Kc2 g5 27. b3 b5
28. Rh2 c4 29. Rd2 cxb3+ 30. axb3 Qa3 31. c4 Rd4 32. Ng3 bxc4 33. dxc4 Rxc4+
0-1